Harry Kane Quiz - Statistics

General Stats
  • This quiz has been taken 84 times
    83 since last reset
  • The average score is 8 of 10
Answer Stats
Hint Answer % Correct
Which number does Harry Kane typically wear for the England national team? 9
96%
How many times did Harry Kane win the Premier League Golden Boot 3
93%
Which club did Harry Kane join in 2023? Bayern Munich
90%
How many trophies did Harry Kane win? 0
88%
In which year did Harry Kane become the captain of the England national team 2018
81%
In which year was Harry Kane born? 1993
79%
In which year did Harry Kane win the Premier League Golden Boot for the first time? 2016
75%
What was Harry Kane’s shirt number when he first broke into the Tottenham first team 18
71%
What youth team did Harry Kane play for before joining Tottenham? Arsenal
56%
With which other footballer does he share this record? Mohammed Salah
52%
No matching quizzes found
Score Distribution
Percent of People with Each Score
Percentile by Number Answered
Your Score History
You have not taken this quiz since the last reset